00617nam a2200157 a 4500003000200000005001700002008004100019050003200060100002800092245012900120260009000249300002300339650003400362650002700396650003600423020250609103717.0021203s19uu xx 00 eng d aPHS BF 698.9.M87b.P34 2001 aPagulayan, Allan Peter. aRelationship between music preference and personality of selected fourth year high school students /cAllan Peter Pagulayan. aLas Piñas City, Philippines :bSouthville International School and Colleges,c2001. a21 pages ;c28 cm. aMusicxPsychological aspects. aPersonality and music. aMusic preferenceszPhilippines.